000 00331nam a22001337a 4500
020 _a9788175541115
040 _cNUST
082 _a658.4092 BIR
100 _aBirch, Paul
_960144
245 _aJust in Time Leadership
260 _aNew Delhi:
_bKogan Page,
_c2005.
650 _aJust in Time Leadership
_9114103
942 _2ddc
_cBK
999 _c595498
_d595498